[Event "IRI-ch U14"]
[Site "Chess.com INT"]
[Date "2021.01.16"]
[Round "3"]
[White "Mohammadi Azar, Mahyar"]
[Black "Kooh Peima, Ali"]
[Result "0-1"]
[WhiteElo "1150"]
[BlackElo "1670"]
[PlyCount "96"]
[EventDate "2021.01.16"]
[EventType "swiss"]
[EventRounds "11"]
[EventCountry "IRI"]
[SourceTitle "EXT 2022"]
[Source "ChessBase"]
[SourceDate "2021.10.06"]
[SourceVersion "1"]
[SourceVersionDate "2021.10.06"]
[SourceQuality "1"]

1. e4 c6 2. d4 d5 3. exd5 cxd5 4. c4 Nf6 5. Nc3 g6 6. Nf3 Bg7 7. Be3 0-0 8. Be2 Nc6 9. 0-0 Bg4 10. cxd5 Nxd5 11. h3 Bf5 12. Qb3 Nxe3 13. fxe3 e5 14. d5 Na5 15. Qb4 Qb6 16. Qxb6 axb6 17. e4 Bd7 18. b4 Rac8 19. Rac1 Nc4 20. Bxc4 Rxc4 21. a3 Rfc8 22. Ne2 Rxe4 23. Rxc8+ Bxc8 24. Rc1 Bxh3 25. Kf2 Bg4 26. d6 Bf8 27. Rd1 Bd7 28. Ng3 Rf4 29. Ke3 Rf6 30. Ne4 Re6 31. Nfg5 Bh6 32. g3 f6 33. Rd3 Bxg5+ 34. Nxg5 fxg5 35. Ke4 Kf7 36. Rf3+ Rf6 37. Rd3 Bf5+ 38. Kxe5 Bxd3 39. d7 Re6+ 40. Kd5 Be4+ 41. Kd4 Rd6+ 42. Kxe4 Rxd7 43. Ke5 Rd3 44. a4 Rb3 45. b5 Ra3 46. Kd6 Rxa4 47. Kc7 Rb4 48. Kxb7 Rxb5 0-1

[Event "IRI-ch U14"]
[Site "Chess.com INT"]
[Date "2021.01.16"]
[Round "9"]
[White "Teimouri Yadkuri, Shahdad"]
[Black "Kooh Peima, Ali"]
[Result "1-0"]
[WhiteElo "1885"]
[BlackElo "1670"]
[PlyCount "103"]
[EventDate "2021.01.16"]
[EventType "swiss"]
[EventRounds "11"]
[EventCountry "IRI"]
[SourceTitle "EXT 2022"]
[Source "ChessBase"]
[SourceDate "2021.10.06"]
[SourceVersion "1"]
[SourceVersionDate "2021.10.06"]
[SourceQuality "1"]

1. Nf3 g6 2. c4 Bg7 3. Nc3 d6 4. g3 Nf6 5. Bg2 0-0 6. 0-0 c6 7. d3 e5 8. Rb1 a5 9. a3 Na6 10. b4 axb4 11. axb4 Qc7 12. Bd2 Be6 13. Re1 h6 14. Qc2 Nh7 15. Qc1 h5 16. Ng5 Nxg5 17. Bxg5 Kh7 18. Be3 Nb8 19. b5 Nd7 20. Ne4 f6 21. Qb2 Rfb8 22. b6 Qd8 23. Nxd6 Nxb6 24. Nxb7 Rxb7 25. Bxb6 Qc8 26. Qc2 Bh3 27. Bh1 h4 28. Bc5 Rf7 29. d4 f5 30. dxe5 f4 31. Be4 Qg4 32. f3 Qg5 33. g4 Bxe5 34. Bf2 Rd8 35. Rb6 Bd4 36. Bxd4 Rxd4 37. Rxc6 Rg7 38. c5 Kh8 39. Bxg6 Qe5 40. Rc8+ Rg8 41. Rxg8+ Kxg8 42. Qb3+ Kh8 43. Qf7 Qg7 44. Qe8+ Qg8 45. Qe5+ Qg7 46. Qh5+ Kg8 47. Bf5 Qf6 48. Qh7+ Kf8 49. Rb1 Rd8 50. Kh1 Qb2 51. Qh6+ Qg7 52. Qxh4 1-0